000 00568nam a2200229Ia 4500
005 20260320201359.0
008 008 262003s9999 xx 000 0 eng d
037 _aEBOOK
040 _aCRL
040 _beng
040 _cCRL
041 _2eng
041 _aeng
084 _qCRL
100 _aBown
_91134936
245 0 _aBeyond the Creative Species: Making Machines That Make Art and Music
260 _bIEEE
856 _uhttps://ieeexplore.ieee.org/servlet/opac?bknumber=9394486
942 _cEBOOK
999 _c1720898
_d1720898